CIVIL PROCEDURE WITH LIMITATION ACT,1963 (Record no. 11007)
[ view plain ]
| 000 -LEADER | |
|---|---|
| fixed length control field | 00347nam a22001457a 4500 |
| 003 - CONTROL NUMBER IDENTIFIER | |
| control field | SGT |
| 020 ## - INTERNATIONAL STANDARD BOOK NUMBER | |
| International Standard Book Number | 9789351453123 |
| 082 ## - DEWEY DECIMAL CLASSIFICATION NUMBER | |
| Classification number | 347.08,TAK |
| 100 ## - MAIN ENTRY--PERSONAL NAME | |
| Personal name | TAKWANI,C.K. |
| 245 ## - TITLE STATEMENT | |
| Title | CIVIL PROCEDURE WITH LIMITATION ACT,1963 |
| 260 ## - PUBLICATION, DISTRIBUTION, ETC. (IMPRINT) | |
| Place of publication, distribution, etc | LUCKNOW |
| Name of publisher, distributor, etc | EASTERN BOOK COMPANY |
| Year of Publication | 2016 |
| 300 ## - PAGE DESCRIPTION | |
| No. of Pages | 837 |
| 650 ## - SUBJECT ADDED ENTRY--TOPICAL TERM | |
| Topical term or geographic name as entry element | CIVIL PROCEDURE |
| 942 ## - ADDED ENTRY ELEMENTS (KOHA) | |
| Source of classification or shelving scheme | Dewey Decimal Classification |
| Koha item type | Books |
| 942 ## - ADDED ENTRY ELEMENTS (KOHA) | |
| -- | 22 |
| Withdrawn status | Lost status | Source of classification or shelving scheme | Damaged status | Not for loan | Collection code | Home library | Current library | Shelving location | Date acquired | Vendor Name | Cost, normal purchase price | SGTU | Bill Number | Total Checkouts | Total Renewals | Full call number | Accession No. (Barcode) | Date last seen | Date last borrowed | Bill Date | Koha item type |
|---|---|---|---|---|---|---|---|---|---|---|---|---|---|---|---|---|---|---|---|---|---|
| Dewey Decimal Classification | LAW | SGT Science & Social Sciences Library | SGT Science & Social Sciences Library | Text Book | 23/02/2017 | COMMERICAL BOOK HOUSE | 595.00 | SGTU | 922 | 33 | 11 | 347.08,TAK | FL1422 | 01/02/2024 | 20/01/2024 | 25/07/2015 | Books | ||||
| Dewey Decimal Classification | LAW | SGT Science & Social Sciences Library | SGT Science & Social Sciences Library | Text Book | 23/02/2017 | COMMERICAL BOOK HOUSE | 595.00 | SGTU | 922 | 16 | 2 | 347.08,TAK | FL1423 | 17/01/2023 | 12/01/2023 | 25/07/2015 | Books | ||||
| Dewey Decimal Classification | LAW | SGT Science & Social Sciences Library | SGT Science & Social Sciences Library | Text Book | 23/02/2017 | COMMERICAL BOOK HOUSE | 595.00 | SGTU | 922 | 23 | 9 | 347.08,TAK | FL1424 | 01/04/2024 | 03/11/2022 | 25/07/2015 | Books | ||||
| Dewey Decimal Classification | Not For Loan | LAW | SGT Science & Social Sciences Library | SGT Science & Social Sciences Library | Reference Book | 23/02/2017 | COMMERICAL BOOK HOUSE | 595.00 | SGTU | 922 | 347.08,TAK | FL1425 | 23/02/2017 | 25/07/2015 | Books | ||||||
| Dewey Decimal Classification | LAW | SGT Science & Social Sciences Library | SGT Science & Social Sciences Library | Text Book | 23/02/2017 | COMMERICAL BOOK HOUSE | 595.00 | SGTU | 922 | 19 | 2 | 347.08,TAK | FL1426 | 10/12/2021 | 24/11/2021 | 25/07/2015 | Books |